000 01383nam a2200349 c 4500
999 _c143148
_d143148
003 BLK
005 20220609105849.0
008 180409b bul|||||r ||||||| ||bul||
010 _aKNG00149259000
040 _aBLK
041 _aBUL
_cBUL
080 _aБългарска литература
_b821.163.2
_x-1
_z821.163.2-1
100 1 _aЛамар
_eпърви автор
_gПончев, Лалю Маринов
_987472
139 _aЛамар
_bЛ 18
245 1 0 _aСтихотворения, поеми
_cЛамар; * Лалю Маринов Пончев; предг. от Пенчо Данчев.
250 _a2. изд.
257 _aBGR
260 _aСофия
_bБълг. писател
_c1967
300 _a151 с.
_c20 см
380 _aX
490 1 _aБиблиотека за ученика
500 _a1. изд. 1966. - Ламар - псевд. на Лалю Маринов Пончев. - 15 100 тир.
700 1 _aПончев, Лалю Маринов
_e*
_9327204
700 1 _aДанчев, Пенчо
_eпредг. от
_9379694
852 _aЦб 42487
_bЦб
942 _cKNG
_n0
_s1
944 _aCR
_c14.08.2013
_l14.08.2013 - от С1,Р / 14.08.2013
_kЛюдмила_Стоянова
944 _aED
_c2022-06-09
_l2022-06-09
_kСТ
999 _d143148